00325nam a2200109Ia 4500008004100000082000800041100002100049245002900070942000600099952009500105999001500200240331s9999 xx 000 0 und d bRAJ aRajanarayanan, K 0aK.Rajanarayanan pathikal cL 001040708LaWERCLbWERCLcSSCd2024-03-31l0o 808 RAJp2507r2024-03-31w2024-03-31yL c3701d3701